[Event "Chennai op 3rd"]
[Site "Chennai"]
[Date "2011.01.22"]
[Round "7"]
[White "Kaushik, S."]
[Black "Sauravh, Khherdekar"]
[Result "0-1"]
[WhiteElo "2154"]
[BlackElo "2322"]
[PlyCount "124"]
[EventDate "2011.01.18"]
[EventType "swiss"]
[EventRounds "11"]
[EventCountry "IND"]
[SourceTitle "CBM 140 Extra"]
[Source "ChessBase"]
[SourceDate "2011.03.01"]
[SourceVersion "1"]
[SourceVersionDate "2011.03.01"]
[SourceQuality "1"]

1. e4 e6 2. d4 d5 3. Nc3 Bb4 4. e5 c5 5. a3 Bxc3+ 6. bxc3 Qa5 7. Bd2 Qa4 8. Qg4 g6 9. Ra2 Nc6 10. Nf3 Bd7 11. Qf4 0-0-0 12. dxc5 Qxf4 13. Bxf4 h6 14. h4 Nge7 15. Bd3 Nb8 16. Be3 Bc6 17. Bd4 Nd7 18. Kd2 Kb8 19. a4 Rc8 20. Rb1 Ka8 21. g4 Rc7 22. a5 a6 23. Ng1 h5 24. g5 Nc8 25. Ne2 Na7 26. Nc1 Bb5 27. Bxb5 Nxb5 28. Nd3 Rhc8 29. Ra4 Na7 30. f4 Nc6 31. Bf2 Ne7 32. Rab4 Nb8 33. Bd4 Nbc6 34. Ra4 Nf5 35. Bf2 Rd8 36. Rb6 d4 37. cxd4 Ncxd4 38. Bxd4 Rxd4 39. Rxd4 Nxd4 40. Rd6 Nf3+ 41. Ke2 Nxh4 42. c3 Nf5 43. Rd8+ Ka7 44. Kf3 Ne7 45. Nb4 Rxc5 46. Rd7 Rxc3+ 47. Kg2 Nf5 48. Rxf7 Rc4 49. Nd3 h4 50. Rh7 Kb8 51. Kf3 Rc7 52. Rxc7 Kxc7 53. Nc5 Nd4+ 54. Kg4 Kc6 55. Ne4 Nf5 56. Nf6 b6 57. axb6 a5 58. b7 Kxb7 59. Nd7 Kc6 60. Nf8 a4 61. Nxe6 a3 62. Nd8+ Kb6 0-1

[Event "Chennai op 3rd"]
[Site "Chennai"]
[Date "2011.01.21"]
[Round "5"]
[White "Kaushik, S."]
[Black "Karthikeyan, Pandian"]
[Result "0-1"]
[WhiteElo "2154"]
[BlackElo "2380"]
[PlyCount "170"]
[EventDate "2011.01.18"]
[EventType "swiss"]
[EventRounds "11"]
[EventCountry "IND"]
[SourceTitle "CBM 140 Extra"]
[Source "ChessBase"]
[SourceDate "2011.03.01"]
[SourceVersion "1"]
[SourceVersionDate "2011.03.01"]
[SourceQuality "1"]

1. e4 e5 2. Nf3 Nc6 3. Bb5 a6 4. Ba4 Nf6 5. 0-0 b5 6. Bb3 Bc5 7. c3 d6 8. a4 Rb8 9. d4 Bb6 10. axb5 axb5 11. Na3 0-0 12. Nxb5 Bg4 13. Bc2 Bxf3 14. Qxf3 exd4 15. Bg5 dxc3 16. bxc3 Ne5 17. Qe2 h6 18. Bh4 Ng6 19. Bg3 Re8 20. c4 Qe7 21. Rfe1 Ne5 22. Kh1 c6 23. f4 cxb5 24. fxe5 dxe5 25. cxb5 Bd4 26. Ra6 Nd7 27. Rb1 Nc5 28. Rc6 Rb7 29. Bb3 Nxb3 30. Rxb3 Ra8 31. Rc1 Qg5 32. Rcb1 Rc8 33. Rf1 Rc1 34. Be1 Qg6 35. Rg3 Qe6 36. Bd2 Rc2 37. Qd3 Rb2 38. Bc3 Rb3 39. Qd2 Qc4 40. Rc1 Rxc3 41. Rgxc3 Bxc3 42. Qxc3 Qxc3 43. Rxc3 Rxb5 44. h3 Rb4 45. Re3 Kf8 46. Kh2 Ke7 47. g4 Kd6 48. Kg2 Kc5 49. Rc3+ Rc4 50. Rf3 f6 51. Ra3 Rxe4 52. Ra7 h5 53. Rxg7 hxg4 54. hxg4 Rf4 55. Kg3 Kd5 56. Ra7 Ke6 57. Rg7 Rd4 58. Kf3 Rd7 59. Rg8 Kf7 60. Rb8 Rd3+ 61. Kf2 Rb3 62. Rc8 Ra3 63. Rb8 Ke6 64. Rg8 Ra6 65. Kf3 Ra4 66. Rg7 Rf4+ 67. Ke3 Kd6 68. g5 f5 69. Rf7 Ke6 70. Rf6+ Ke7 71. Ra6 Rb4 72. Ra5 Rb3+ 73. Ke2 Kd6 74. Ra6+ Kd7 75. Ra7+ Kc6 76. Ra5 Rb2+ 77. Ke3 f4+ 78. Kf3 Kd6 79. g6 Ke6 80. g7 Rb3+ 81. Kf2 Rg3 82. Ra6+ Kf5 83. Ra7 Kf6 84. Ra6+ Kxg7 85. Re6 Re3 0-1

[Event "Commonwealth-ch"]
[Site "New Delhi"]
[Date "2010.05.12"]
[Round "5"]
[White "Kaushik, S."]
[Black "Shyam, Sundar M"]
[Result "1/2-1/2"]
[WhiteElo "2144"]
[BlackElo "2372"]
[PlyCount "140"]
[EventDate "2010.05.10"]
[EventType "swiss"]
[EventRounds "11"]
[EventCountry "IND"]
[SourceTitle "CBM 136 Extra"]
[Source "ChessBase"]
[SourceDate "2010.07.02"]
[SourceVersion "2"]
[SourceVersionDate "2010.07.15"]
[SourceQuality "1"]

1. e4 e5 2. Nf3 Nc6 3. Bb5 a6 4. Ba4 Nf6 5. 0-0 Be7 6. Re1 b5 7. Bb3 d6 8. c3 0-0 9. h3 Nb8 10. d4 Nbd7 11. Nbd2 Bb7 12. Bc2 Re8 13. a4 Bf8 14. Bd3 c6 15. b3 Qc7 16. Bb2 Rac8 17. Qc2 Qb8 18. Rac1 Ba8 19. Qb1 g6 20. Qa1 Bh6 21. Rcd1 Bg7 22. c4 bxa4 23. Qxa4 exd4 24. Bxd4 Nh5 25. Be3 Bb7 26. b4 Qc7 27. c5 dxc5 28. bxc5 Nf4 29. Bc4 Ne6 30. Nb3 Rcd8 31. Bxe6 Rxe6 32. Bd2 Rde8 33. Ba5 Qc8 34. Qc4 h6 35. Rd3 Bf6 36. Qc1 Rxe4 37. Rxe4 Rxe4 38. Qxh6 Qe8 39. Qd2 Bc8 40. Rd6 Re6 41. Bb4 Nf8 42. Na5 Be7 43. Nd4 Bxd6 44. Nxe6 Be7 45. Nc7 Qd7 46. Qxd7 Bxd7 47. Nxa6 Ne6 48. Nb8 Bxc5 49. Bxc5 Nxc5 50. Nxd7 Nxd7 51. Nxc6 Kg7 52. g3 f5 53. Kg2 Kf6 54. Kf3 Nf8 55. Nd4 Nd7 56. h4 Ne5+ 57. Ke2 Nd7 58. Nf3 Nc5 59. Ke3 Ne4 60. Nd2 Nd6 61. Kf4 Nb5 62. g4 fxg4 63. Ne4+ Kg7 64. Kxg4 Nd4 65. f4 Ne6 66. Ng5 Nd4 67. Ne4 Ne6 68. Nf2 Kf6 69. Nd3 Kg7 70. Ne5 Nd4 1/2-1/2

[Event "Mumbai Mayors Cup 1st"]
[Site "Mumbai"]
[Date "2008.05.15"]
[Round "6"]
[White "Mehar, Chinna Reddy CH"]
[Black "Kaushik, S."]
[Result "1-0"]
[WhiteElo "2265"]
[BlackElo "1909"]
[PlyCount "89"]
[EventDate "2008.05.11"]
[EventType "swiss"]
[EventRounds "11"]
[EventCountry "IND"]
[SourceTitle "CBM 124 Extra"]
[Source "ChessBase"]
[SourceDate "2008.07.03"]
[SourceVersion "1"]
[SourceVersionDate "2008.07.03"]
[SourceQuality "1"]

1. e4 c5 2. Nf3 Nc6 3. d4 cxd4 4. Nxd4 Nf6 5. Nc3 e5 6. Ndb5 d6 7. Bg5 a6 8. Na3 b5 9. Bxf6 gxf6 10. Nd5 f5 11. Bd3 Be6 12. 0-0 Bxd5 13. exd5 Ne7 14. c3 e4 15. Bc2 Bg7 16. Qh5 Qd7 17. Rae1 0-0 18. f3 Ng6 19. fxe4 f4 20. Nb1 Rfe8 21. Nd2 Re5 22. Qd1 Rae8 23. Nf3 Rh5 24. Nd4 Bxd4+ 25. cxd4 Rg5 26. Kh1 Rg4 27. Qd2 Rh4 28. Qf2 Qg4 29. Bd1 Qg3 30. h3 Qg5 31. Bf3 Kh8 32. Rc1 Ne7 33. Rc6 Nxc6 34. dxc6 d5 35. exd5 Rh6 36. Rc1 Qf5 37. c7 Rc8 38. d6 Rxh3+ 39. gxh3 Qxh3+ 40. Kg1 Rg8+ 41. Bg2 Rxg2+ 42. Qxg2 Qe3+ 43. Kh2 Qxc1 44. Qa8+ Kg7 45. c8Q 1-0